| 000 | 00499cam a2200193ua 4500 | ||
|---|---|---|---|
| 001 | 11361 | ||
| 008 | 190913n ii |||gr||||Z||||||asm | ||
| 020 | _a9788176656658 | ||
| 040 | _cMAIN | ||
| 082 | _a891.4513 | ||
| 100 |
_aShayad Abdul Mallik, _eAuthor. |
||
| 245 |
_aAdharshila _cBy Shayad Abdul Mallik |
||
| 250 | _a1st ed. | ||
| 260 |
_aGuwahati: _bStudents store, _c2017. |
||
| 300 | _a839p. | ||
| 653 | _aEast Indo-European & Celtic literatures | ||
| 653 | _aAssamese Novel | ||
| 942 | _cBK | ||
| 999 |
_c10204 _d10204 |
||